| 000 | 00384nam a2200121Ia 4500 | ||
|---|---|---|---|
| 008 | 171212s9999 xx 000 0 und d | ||
| 020 | _a9781922064639 | ||
| 100 | _aButterss, Philip | ||
| 245 |
_cButterss, Philip _aAdelaide _ba literary city |
||
| 260 |
_bUniversity of Adelaide Press _c2013 |
||
| 650 | _aLanguage & Literature | ||
| 856 | _uhttp://jstor.org/stable/10.20851/j.ctt1sq5x41 | ||
| 999 |
_c352901 _d352901 |
||